Asia Capitals - Statistics

General Stats
  • This quiz has been taken 7 times
  • The average score is 42 of 47
Answer Stats
Country Capital % Correct
Turkey Ankara
100%
Iraq Baghdad
100%
Azerbaijan Baku
100%
Thailand Bangkok
100%
China Beijing
100%
Lebanon Beirut
100%
Syria Damascus
100%
Qatar Doha
100%
Pakistan Islamabad
100%
Indonesia Jakarta
100%
Israel Jerusalem
100%
Afghanistan Kabul
100%
Nepal Kathmandu
100%
Philippines Manila
100%
Russia Moscow
100%
India New Delhi
100%
North Korea Pyongyang
100%
Saudi Arabia Riyadh
100%
South Korea Seoul
100%
Singapore Singapore
100%
Taiwan Taipei
100%
Uzbekistan Tashkent
100%
Georgia Tbilisi
100%
Iran Tehran
100%
Japan Tokyo
100%
Mongolia Ulaanbaatar
100%
United Arab Emirates Abu Dhabi
86%
Jordan Amman
86%
Turkmenistan Ashgabat
86%
Kazakhstan Astana
86%
Kyrgyzstan Bishkek
86%
Bangladesh Dhaka
86%
Timor-Leste Dili
86%
Vietnam Hanoi
86%
Kuwait Kuwait City
86%
Maldives Male
86%
Oman Muscat
86%
Cambodia Phnom Penh
86%
Yemen Sana'a
86%
Laos Vientiane
86%
Armenia Yerevan
86%
Tajikistan Dushanbe
71%
Bahrain Manama
71%
Bhutan Thimphu
71%
Brunei Bandar Seri Begawan
57%
Myanmar Naypyidaw
57%
Malaysia Kuala Lampur
0%
No matching quizzes found
Score Distribution
Percent of People with Each Score
Percentile by Number Answered
Your Score History
You have not taken this quiz